| 000 | 00800nam a22002057a 4500 | ||
|---|---|---|---|
| 999 |
_c3466 _d3466 |
||
| 003 | AR-CdUCM | ||
| 008 | 190306b ||||| |||| 00| 0 spa d | ||
| 040 |
_aMUNICIPALIDAD PROVINCIAL DEL CUSCO _cBIBLIOTECA MUNICIPAL DEL CUSCO |
||
| 082 |
_a129.82 / _bR81 _23ed. |
||
| 100 |
_aRomero, Francisco _910711 |
||
| 245 |
_aQue es la filosofía / _cFrancisco Romero |
||
| 260 |
_aBuenos Aires : _bColumba, _c1957 |
||
| 300 |
_a71 páginas ; _c20 cm. |
||
| 505 | _aContenido: El hombre y el saber -- Saber ingenuo y saber crítico -- La continuidad del saber -- La marcha histórica del saber -- la filosofía en general ... | ||
| 650 |
_aQue es la filosofía _911407 |
||
| 650 |
_aLa filosofía en general _911408 |
||
| 650 |
_aLa filosofía latinoamericana _911409 |
||
| 942 |
_2ddc _cLIBROS |
||
| 945 | _acmm | ||